Responses for Show #5139 - Thursday, January 4, 2007

Contestants

[<< previous game]

Chris Havener, a law student from Philadelphia, Pennsylvania

Michelle Dunstan, a financial analyst originally from Ottawa, Ontario, Canada

Julie Dunlevy, a technology specialist from Louisville, Kentucky (whose 2-day cash winnings total $47,200)

[next game >>]

Jeopardy! Round responses

EUROPE
IN OTHER WORDS...
GETTING BIBLICAL
"L.L."
BEAN
LET'S GO CAMPING!
    $200 2
(Michelle: What is Edam?)
...
(Alex: Yes, the other one.)

Gouda

JulieMichelle
    $200 1
Seinfeld

Michelle
    $200 16
leopard

Chris
    $200 11
last legs

Michelle
    $200 21
lima

Julie
    $200 26
pup tent

Chris
    $400 7
(Alex: That leader is the President of France, [*].)

Jacques Chirac

Triple Stumper
    $400 3
Doc

Chris
    $400 17
Philistines

Triple Stumper
    $400 12
Lex Luthor

Chris
    $400 22
kidney

Chris
    $400 27
down

Chris
    $600 8
(Julie: What is Latvia?)
(Chris: What is Estonia?)

Lithuania

JulieMichelleChris
    $600 4
"Crocodile Rock"

Chris
    $600 18
Salome

Chris
    $600 13
La Leche League

Chris
    $600 23
cocoa bean

Michelle
    $600 28
poison ivy

Michelle
    $1,000 9
Channel Islands

Michelle
    $800 5
The Color Purple

Chris
    $800 19
Peter

Julie
    $800 14
Lillie Langtry

Julie
    $800 24
Mexican jumping bean

Julie
    $800 29
sleeping bag

Julie
    $1000 10
(Alex: Dublin is a city; he is the [*] of Dublin.)

Lord Mayor

Triple Stumper
    $1000 6
Brevity is the soul of wit

Julie
    $1000 20
Jacob

Julie
    $1000 15
lucha libre

Triple Stumper
    $1000 25
fava bean

Julie
    $1000 30
Sterno

Chris

Scores at the first commercial break (after clue 15):

Julie Michelle Chris
$1,400 $1,800 $2,200

Scores at the end of the Jeopardy! Round:

Julie Michelle Chris
$6,000 $3,000 $5,000

Double Jeopardy! Round responses

WORLD WAR I
CREATURE FEATURES
THE PLANETS
NAME THAT TOOL
FILL IN THE SHAKESPEARE TITLE
SOUNDS SIMILAR
    $400 26
Zeppelins

Julie
    $400 17
Babe: Pig in the City

Julie
    $400 1
Venus

Julie
    $400 10
jigsaw

Michelle
    $400 2
The Merchant of Venice

Chris
    $400 7
Corazón cortisone

Triple Stumper
    $800 27
attacking

Triple Stumper
    $800 18
March of the Penguins

Michelle
    $800 22
Neptune

Michelle
    $800 11
a lathe

Julie
    $800 3
Love's Labour's Lost

Chris
    $800 8
webmaster Webster

Chris
    $1200 28
Pershing

Julie
    $1200 19
lion

Julie
    $1200 23
(Julie: What is Mercury?)

Earth

Julie
Triple Stumper
    $1200 13
pestle

Julie
    $1200 4
As You Like It

Julie
    $1200 9
(Chris: [*]?)
...
(Alex: Yeah, Chris, you forgot to phrase it in the form of a question.)

dolorous Dolores

MichelleChris
    $1600 29
Belgium

Michelle
    $1600 20
Free Willy

Chris
    $3,000 24
Mercury

Michelle
    $1600 15
rasp

Michelle
    $3,000 5
The Merry Wives of Windsor

Julie
    $1600 12
maudlin Madeleine

Michelle
    $2000 30
Gallipoli

Julie
    $2000 21
(Chris: What is Ben?)

Willard

JulieChris
    $2000 25
Uranus

Triple Stumper
    $2000 16
gimlet

Julie
    $2000 6
(Alex: Maaaaan.)

Much Ado About Nothing

Triple Stumper
    $2000 14
Emerson immersion

Chris

Scores at the end of the Double Jeopardy! Round:

Julie Michelle Chris
$20,600 $14,000 $7,400

[wagering suggestions for these scores]

Final Jeopardy! Round responses

19th CENTURY DEMOCRATS
ChrisWho is Eugene Debs
$7,399
MichelleWho was Douglas?
$6,601
JulieWho was William Jennings Bryan?
$6,000
William Jennings Bryan

Final scores:

Julie Michelle Chris
$26,600 $7,399 $1
3-day champion: $73,800 2nd place: $2,000 3rd place: $1,000

Game dynamics:

Coryat scores:

Julie Michelle Chris
$19,200 $12,400 $7,400
21 R
(including 1 DD),
2 W
14 R
(including 2 DDs),
1 W
16 R,
3 W

Combined Coryat: $39,000

[game clues] [game scores] [suggest correction]

Game tape date: 2006-11-07
The J! Archive is created by fans, for fans. Scraping, republication, monetization, and malicious use prohibited; this site may use cookies and collect identifying information. See terms. The Jeopardy! game show and all elements thereof, including but not limited to copyright and trademark thereto, are the property of Jeopardy Productions, Inc. and are protected under law. This website is not affiliated with, sponsored by, or operated by Jeopardy Productions, Inc. Join the discussion at JBoard.tv.